000 00601nam a2200229 i 4500
001 C2-0237288
003 PPAK
005 20180727200834.0
008 011209s enka|||| ||||| | eng d
020 _a0721478433
040 _aPPAK
_beng
_cPPAK
_erda
082 0 4 _a428.6
_223
090 0 0 _a428.6
_bWIN
_dK
245 0 0 _aWinnie the pooh and tigger too
264 1 _aLondon :
_bLadybird Books ,
300 _a[24 pages] :
_bcolour illustrations ;
_c18 cm
336 _2rdacontent
_atext
337 _2rdamedia
_aunmediated
338 _2rdacarrier
_avolume
650 1 0 _aReaders
942 _ddc
_cB
999 _c52971
_d52971